| 000 | 005950000a22001810004500 | ||
|---|---|---|---|
| 003 | MACL | ||
| 005 | 20160409171744.0 | ||
| 008 | 160409b xxu||||| |||| 00| 0 eng d | ||
| 040 |
_aMACL _cMACL |
||
| 041 | _aHindi | ||
| 082 | _a080 | ||
| 100 |
_aशशिशेखर व्यास _951539 |
||
| 245 |
_aसुभाषित रत्नावली _bभाग - 2 |
||
| 260 |
_bपश्चिम क्षेत्र सांस्कृतिक केन्द्र _c2004 _aउदयपुर |
||
| 350 | _a30 | ||
| 650 |
_aGeneral _951540 |
||
| 942 |
_cHIN _k080 _2ddc |
||
| 999 |
_c10108 _d10108 |
||